000 00933cam a22002534a 4500
001 11917125
005 20251215172458.0
008 000222s2000 nyua b 001 0 eng
020 _a0471352918
_qcloth : alk. paper
020 _a9780471352914
_q(cloth : alk. paper)
050 0 0 _aSB472
_b.M68 2001
082 0 0 _a712
_221
100 1 _aMotloch, John L.
245 1 0 _aIntroduction to landscape design /
_cJohn L. Motloch.
250 _a2nd ed.
260 _aNew York :
_bWiley,
_cc2001.
300 _axiii, 369 p. :
_bill. ;
_c29 cm.
650 0 _aLandscape architecture.
650 0 _aLandscape design.
856 4 2 _3Contributor biographical information
_uhttp://www.loc.gov/catdir/bios/wiley043/00026081.html
856 4 2 _3Publisher description
_uhttp://www.loc.gov/catdir/description/wiley035/00026081.html
856 4 _3Table of Contents
_uhttp://www.loc.gov/catdir/toc/onix06/00026081.html
942 _2lcc
_cBK
_e2nd ed.
_n0
999 _c8562
_d8562